Регионална библиотека "Любен Каравелов" - Русе

Славейче или Събрание на различни песни български и турски за растуха на младите (Запис номер 157463)

MARC детайли
000 -Лидер
Контролно поле с фиксирана дължина 01624nam a2200349 c 4500
003 - Код на организацията, давaща контролен номер
Контролно поле BLK
005 - Дата и час на последна редакция
Контролно поле 20240731005407.0
008 - Елементи от данни с фиксирана дължина
fixed length control field 180410b bul|||||r ||||||| ||bul||
010 ## - Наследен системен номер
LC control number KNG00164407000
040 ## - Източник на каталожния запис
Идентификатор на билиотеката - собственик на записа BLK
041 ## - Код за език
Код за езика на текст/звукозапис или на отделно заглавие Български
Код за езика КДБФ Български
072 #7 - Код за тематичната категория
Код организация bullib
Код за тематична категория С
Текст Старопечатен фонд
080 ## - УДК
Текстов определител УДК Народни песни
УДК код - определител по УДК 398.8
УДК определител
УДК - код + определител 398.8
139 ## - Редно поле
Редна дума Славейков, Петко Рачов
Авторски знак Славе - С 42
245 10 - Сведения за заглавието
Заглавие Славейче или Събрание на различни песни български и турски за растуха на младите
Редно поле (дума) събр. и наредил Петко Рачов Славейков.
257 ## - Страна на издаване
Страна на създаване/издаване България
260 ## - Област на издателските данни
-- Цариград
Година на издаване 1864
Печатница Цариград : В типограф. на Т. Дивитчиян
300 ## - Физическа характеристика
Страници 128 с.
Размери/Мащаб 15 см
380 ## - Жанр
Жанр Обществени науки
500 ## - Общи забележки
Забележка Името на авт. е взето от БВК, т. 1 Дар от Никола Даков
650 #4 - Допълнително описание по предмет – тема
Основно описание – тема или топоним Фолклор, български
9 (RLIN) 246102
653 ## - Ключова дума – ненормативна
Ключова дума фолклор
653 ## - Ключова дума – ненормативна
Ключова дума народни песни
659 ## - Тематичен бюлетин
Тематичен бюлетин С
700 1# - Други автори (авторска отговорност)
Лично име Славейков, Петко Рачов
Дати, свързани с автора 1827-1895
Друга информация Виден възрожд. деец, участник в борбата за църк. освобожд., просветител, писател, поет, публицист, фолклорист, политик
Автороска отговорност (Описва отношението между автора и произведението) събр. и наредил
9 (RLIN) 121105
852 ## - Местоположение
Форматна сигнатура Цб Ст 6954 * 722
856 4# - Електронен адрес и достъп
Електронен формат pdf - файл
Път до файла /url/
856 4# - Електронен адрес и достъп
Електронен формат pdf - файл
Път до файла /url/
942 ## - АРТИКУЛИ
Вид на библиотечния материал Книги
Скрит в OPAC Не
Koha issues (borrowed), all copies 1
944 ## - СЪЗДАВАНЕ И РЕДАКЦИЯ на ЗАПИСА
Създаване/Редакция Създаване
Дата на регистрацията/редакция 27.08.2014
Служител, извършил регистрацията/редакцията
Статус, дата на статуса CRON CRON
944 ## - СЪЗДАВАНЕ И РЕДАКЦИЯ на ЗАПИСА
Създаване/Редакция Редакция
Дата на регистрацията/редакция 27.08.2014
Служител, извършил регистрацията/редакцията
999 ## - СИСТЕМНИ КОНТРОЛНИ НОМЕРА
Koha biblionumber 157463
Koha biblioitemnumber 157463
Наличности
Код за отписване Код за изгубен артикул Източник на класификационната схема Код за повреда Коз за рестрикции Код за отдаване Артикулен № Име на библиотеката - собственик Име на библиотеката, в която се намира в момента Статус (Текущо местоположение) Дата на вписване в системата Местоположение - отдел Цена в лева Инвентарен номер Систематично азбучна сигнатура Баркод Номер на екземпляра Цена в евро Служебна бележка Служебен тип на артикула
  Не е изгубен Universal Decimal Classification Не е повреден само за читалня Специални фондове ( старопечатни, редки и ценни, фонд М. Арнаудов) 263788 Регионална библиотека "Любен Каравелов" Русе Регионална библиотека "Любен Каравелов" Русе Старопечатен фонд 1864-01-01 Старопечатен фонд 25.00 96-ст Цб Ст 6954 * 722 900000000683 1 12.78 Дост: DA Вид: Сф Дата: 01.01.1864 Дата инв: 02.04.2018 Бележки инв: СТ2018 Книги
Vip Innovations Ltd, Rousse, Bulgaria 2025